| 000 | 00369nam a2200157Ia 4500 | ||
|---|---|---|---|
| 008 | 230312s9999||||xx |||||||||||||| ||und|| | ||
| 020 | _a1-259-00931-0 | ||
| 082 |
_a612.76 _bHAL-B |
||
| 100 | _aHall;Susan.J | ||
| 245 | 0 | _aBasic Biomechanics | |
| 260 |
_bMcGraw Hill _aIndia _c2012 |
||
| 300 | _a538 | ||
| 546 | _aEng. | ||
| 650 |
_aMedical _vBiomechanics |
||
| 942 | _cBK | ||
| 999 |
_c9277 _d9277 |
||